Mitos clasificados 2 /

Guardado en:
Autor Principal: Cochetti, Stella Maris
Formato: Libro
Publicado: Buenos Aires : Cántaro, 2003
Series:Colección del Mirador; No. 167
Materias:
Etiquetas: Agregar Etiqueta
Sin Etiquetas, Sea el primero en etiquetar este registro!
LEADER 00731nam a22002175a 4500
001 CEM.cems012787
005 20080228172449.0
008 130507s2003##################000#0#####d
003 CEMS
020 |a 9507531017 
082 0 4 |a Z888 
100 1 |a Cochetti, Stella Maris 
245 1 0 |a Mitos clasificados 2 /  |c Ruth Kaufman, Stella Maris Cochetti 
260 |a Buenos Aires :  |b  Cántaro,  |c 2003 
300 |a 126 p. 
490 0 |a Colección del Mirador; No. 167 
505 0 |a Teogonía -- Los hombres y los dioses -- Los hechos de los héroes -- Los amores de los dioses -- La guerra de Troya 
653 |a Literatura 
653 |a Literatura juvenil 
653 |a Mitos 
859 |a CEMS  |b BIB. CEMS - 11 de abril  |h Z888  |i C49  |p 25056.08  |t Ej.1  |v 2  |3 2